Distillation equilibrium data
-д хадгалсан:
| Үндсэн зохиолчид: | , , , |
|---|---|
| Формат: | Ном |
| Хэл сонгох: | англи |
| Хэвлэсэн: |
Nueva York
Reinhold
1950
|
| Нөхцлүүд: | |
| Шошгууд: |
Шошго нэмэх
Шошго байхгүй, Энэхүү баримтыг шошголох эхний хүн болох!
|
MARC
| LEADER | 00000nam a2200000 a 4500 | ||
|---|---|---|---|
| 001 | UCU7052 | ||
| 003 | CL-VaPUC | ||
| 008 | 960628e19500000US |||||||||||||||||eng|d | ||
| 082 | 0 | 4 | |a 660.284 |b CHU |2 21 |
| 100 | 0 | |a Chu, Ju Chin |e author |9 365550 | |
| 700 | 0 | |a Getty, Robert J |e author |9 365551 | |
| 700 | 0 | |a Brennecke, Llewellyn F |e author |9 365552 | |
| 700 | 0 | |a Paul, Rajendra |e author |9 365553 | |
| 245 | 1 | 0 | |a Distillation equilibrium data |
| 300 | |a 304 p | ||
| 942 | |c BK | ||
| 945 | |d 19960628 00:00:00 |a cmena | ||
| 260 | |a Nueva York |b Reinhold |c 1950 | ||
| 650 | 0 | |a Química |9 259896 | |
| 650 | 0 | |a Reacciones químicas |9 259438 | |
| 650 | 0 | |a Destilación |9 263952 | |
| 650 | 7 | |a SEPARACION QUIMICA |2 CL-VaPUC |9 342424 | |
| 650 | 0 | |a Tecnología química |9 263002 | |
| 650 | 0 | |a Condensación |9 360886 | |
| 583 | |a last modification |c 19960628 00:00:00 |k Rodrigo Vera | ||
| 999 | |c 249762 |d 249760 | ||